Thực trạng công tác biên mục và giải pháp kiểm soát thư mục /

Wedi'i Gadw mewn:
Manylion Llyfryddiaeth
Prif Awdur: Phạm Kim Thanh.
Fformat: Erthygl
Iaith:Vietnamese
Pynciau:
Tagiau: Ychwanegu Tag
Dim Tagiau, Byddwch y cyntaf i dagio'r cofnod hwn!
Thư viện lưu trữ: Thư viện Trường Đại học Đà Lạt
LEADER 00771nam a2200253 4500
001 DLU180182874
005 ##20180108
040 # # |a DLU  |b vie 
041 # # |a vie 
044 # # |a vn 
100 # # |a Phạm Kim Thanh. 
245 # # |a Thực trạng công tác biên mục và giải pháp kiểm soát thư mục /  |c Phạm Kim Thanh. 
653 # # |a Biên mục 
653 # # |a Kiểm soát thư mục  
653 # # |a Thực trạng biên mục 
773 # # |t Thông tin và tư liệu  |g Số 4, 2015, tr. 20-25 
920 # # |a Phòng Tạp chí -- Trung tâm Thông tin - Thư viện Trường Đại học Đà Lạt 
900 # # |a True 
911 # # |a Nguyễn Thị Thu Phương 
925 # # |a G 
926 # # |a A 
927 # # |a BB 
980 # # |a Thư viện Trường Đại học Đà Lạt